000 01270nam a2200325 a 4500
001 ebr10201889
003 CaPaEBR
006 m u
007 cr cn|||||||||
008 070828s2007 ne a sb 001 0 eng
010 _z 2007035594
020 _z9780123738530 (alk. paper)
020 _z0123738539 (alk. paper)
040 _aCaPaEBR
_cCaPaEBR
035 _a(OCoLC)228148439
050 1 4 _aTK5103.59
_b.P37 2007eb
082 0 4 _a621.382/7
_222
245 0 0 _aPassive optical networks
_h[electronic resource] :
_bprinciples and practice /
_c[edited by] Cedric F. Lam.
260 _aAmsterdam ;
_aBoston :
_bElsevier/Academic Press,
_cc2007.
300 _axliv, 324 p. :
_bill.
504 _aIncludes bibliographical references and index.
533 _aElectronic reproduction.
_bPalo Alto, Calif. :
_cebrary,
_d2013.
_nAvailable via World Wide Web.
_nAccess may be limited to ebrary affiliated libraries.
650 0 _aOptical communications.
650 0 _aOptoelectronics.
650 0 _aPassive optical networks.
655 7 _aElectronic books.
_2local
700 1 _aLam, Cedric F.
710 2 _aebrary, Inc.
856 4 0 _uhttp://site.ebrary.com/lib/rucke/Doc?id=10201889
_zAn electronic book accessible through the World Wide Web; click to view
999 _c120477
_d120477